| 000 | 01888nam1a22003731i 4500 | ||
|---|---|---|---|
| 001 | v19\rc\2112382 | ||
| 005 | 20241102090329.0 | ||
| 035 | _a(NLR Aleph) 005186175 | ||
| 090 |
_a5168046 _c5168046 |
||
| 100 | _a20090914d1828 a||y0rusy50 ca | ||
| 101 | 0 | _arus | |
| 102 | _aRU | ||
| 140 | _ay y kc yaa0000 | ||
| 200 | 1 | _aОснования российской словесности | |
| 205 | _aШестое издание | ||
| 210 |
_aСанктпетербург _cв типографии Ивана Глазунова _d1828 |
||
| 215 |
_a2 ч. _d8° |
||
| 300 | _aЦенз.: И. Я. Ветринский, 13 дек. 1827 г. | ||
| 300 | _aНа с.[3-4] в ч.1 предуведомление авт. с подписью: "А. Никольской" | ||
| 300 | _aКн. предназначена для морских училищ (указано в предуведомлении на с.[3-4] в ч.1) | ||
| 300 | _aЗагл. частей указаны на шмуцтит. | ||
| 300 | _aВ ч.1 имеются ошибки в колонцифрах | ||
| 620 | _aСанкт-Петербург | ||
| 700 | 1 |
_7ca _8rus _aНикольский _bА. С. _cписатель _f1755-1834 _gАлександр Сергеевич _9237504 _3RU\NLR\AUTH\770237560 |
|
| 702 | 1 |
_4610 _7ca _8rus _aГлазунов _bИ. П. _f1762-1831 _gИван Петрович _9170958 _3RU\NLR\AUTH\770171008 |
|
| 702 | 1 |
_4190 _7ca _8rus _aВетринский _bИ. Я. _f1787-1849 _gИродион Яковлевич _9260871 _3RU\NLR\AUTH\770260927 |
|
| 712 | 0 | 0 |
_4610 _aГлазунов, _cПетербург _gИван Петрович, _hтипография _9711198 _3RU\NLR\AUTH\880524858 |
| 790 | 1 |
_6z01700 _aНикольской _bА. |
|
| 801 | 0 |
_aRU _bNLR _gpsbo |
|
| 801 | 1 |
_aRU _bProSoft-M _2rusmarc |
|
| 852 |
_aNLR _j18.41.5.39 |
||
| 852 |
_aNLR _j130/5649 |
||
| 942 | _cBOOK | ||